Důvodová zpráva k novelizaci zákoníku práce. Právne predpisy, výklady a stanoviská z oblasti práce, miezd a sociálnych vecí.
Všeobecná časť. Osobitná časť: Zákonník práce a medzinárodné dohody. Spolupráca s odborovými orgánmi. Kolektívne vyjednávanie. Ochrana fondu pracovnej doby. Ďalšie závažné zmeny.
Salvato in:
| Natura: | Capitolo di libro |
|---|---|
| Lingua: | ceco |
| Soggetti: | |
| Tags: |
Nessun Tag, puoi essere il primo ad aggiungerne!!
|
MARC
| LEADER | 00000naa a2200000 4500 | ||
|---|---|---|---|
| 001 | r006134 | ||
| 005 | 20221125080740.1 | ||
| 041 | 0 | |a cze | |
| 044 | |a [CS] | ||
| 245 | 1 | 0 | |a Důvodová zpráva k novelizaci zákoníku práce. |b Právne predpisy, výklady a stanoviská z oblasti práce, miezd a sociálnych vecí. |
| 520 | |a Všeobecná časť. Osobitná časť: Zákonník práce a medzinárodné dohody. Spolupráca s odborovými orgánmi. Kolektívne vyjednávanie. Ochrana fondu pracovnej doby. Ďalšie závažné zmeny. | ||
| 610 | 2 | 0 | |a zákonník práce |
| 610 | 2 | 0 | |a odbory |
| 610 | 2 | 0 | |a zmluvy kolektívne |
| 610 | 2 | 0 | |a doba pracovná |